LEADER 01071nam a2200229 i 4500 001 000000218716 003 CaOOAMICUS 005 20130218000000.0 008 130218s2012 it u000 u ita u 013 $a197613 040 $aSeMil$bita 245 13$aIl lembo del mantello /$cintroduzione di Aldo Grasso ; con un testo di Gian Guido Vecchi. 300 $a235 p. 490 0 $aI progetti del Corriere della Sera 700 1 $aVecchi, Gian Guido.$0(OLS)http://semarc/name/76917 700 1 $aGrasso, Aldo,$d<1948- >.$0(OLS)http://semarc/name/8269 700 1 $aMartini, Carlo Maria,$c.$0(OLS)http://semarc/name/89159 773 0 $tCarlo Maria Martini: il pensiero, il cuore, la parola.$bEd. speciale per il Corriere della Sera.$dMilano : RCS MediaGroup, 2012-2013.$g6$w()28058 830 2$aI progetti del Corriere della Sera.$0(OLS)http://semarc/title/38051 850 $aSeMil 852 $aSeMil$W1$xVenegono$y1$m2F II 587$j169107$B169107$CSeMilBibl$Z2$F179889 $81 996 $6245$aIl lembo del mantello$9(OLS)http://semarc/title/313951 LEADER 01159nam a2200277 i 4500 001 000000050282 003 CaOOAMICUS 005 20140107000000.0 008 140107s1996 it u000 u ita u 013 $a21453 020 $a8821531791 040 $aSeMil$bita 100 1 $aGrelot, Pierre,$d<1917-2009>.$0(OLS)http://semarc/name/5245 240 13$aLa condition de la femme d'après le Nouveau Testament.$0(OLS)http://semarc/title/76759 245 13$aLa donna nel Nuovo Testamento /$cPierre Grelot. 260 $aCinisello Balsamo :$bSan Paolo,$ccopyr. 1996. 300 $a133 p. ;$c21 cm. 490 0 $aParola di Dio. 2. Serie ;$v16 650 4$aBibbia - Donna.$0(OLS)http://semarc/subject/7422 830 0$aParola di Dio. 2. serie ;$v16.$0(OLS)http://semarc/title/5940 850 $aSeMil 852 $aSeMil$W1$xVenegono$y1$m2W III 220$j16437$B16437$CSeMilBibl$Z2$F16437 $81 961 $aAcquisto: Glossa (Libreria) 996 $6020$a8821531791$9(OLS)http://semarc/number/23956 996 $6245$aLa donna nel Nuovo Testamento$9(OLS)http://semarc/title/76758 996 $6260$aCinisello Balsamo :$bSan Paolo$9(OLS)http://semarc/publisher/30129